Elenco de Vingadores Ultimato - Statistics

Estatísticas Gerais
  • Esse quiz foi jogado 163 vezes
  • A pontuação média é 28 de 67
Estatísticas das Respostas
Ator Personagem % Correto
Chris Evans Steve Rogers / Capitão América
99%
Chris Hemsworth Thor
98%
Mark Ruffalo Bruce Banner / Hulk
97%
Robert Downey Jr. Tony Stark / Homem de Ferro
97%
Tom Holland Peter Parker / Homem Aranha
96%
Scarlett Johansson Natasha Romanoff / Viúva Negra
93%
Paul Rudd Scott Lang / Homem Formiga
92%
Chadwick Boseman T'Challa / Pantera Negra
90%
Jeremy Renner Clint Barton / Gavião Arqueiro
87%
Josh Brolin Thanos
86%
Vin Diesel Groot
85%
Benedict Cumberbatch Steven Strange / Doutor Estranho
85%
Brie Larson Carol Danvers / Capitã Marvel
81%
Zoe Saldana Gamora
81%
Elizabeth Olsen Wanda Maximoff / Feiticeira Escarlate
81%
Chris Pratt Peter Quill / Senhor das Estrelas
80%
Tom Hiddleston Loki
73%
Anthony Mackie Sam Wilson / Falcão
72%
Evangeline Lilly Hope Van Dyne / Vespa
70%
Dave Bautista Drax
69%
Sebastian Stan Bucky Barnes / Soldado Invernal
66%
Karen Gillan Nebulosa
63%
Samuel L. Jackson Nick Fury
59%
Don Cheadle James Rhodes / Máquina de Combate
57%
Stan Lee Stan Lee
54%
Gwyneth Paltrow Pepper Potts
47%
Tessa Thompson Valquiria
47%
Benedict Wong Wong
47%
Letitia Wright Shuri
45%
Pom Klementieff Mantis
41%
Marisa Tomei Tia May
38%
Natalie Portman Jane Foster
36%
Bradley Cooper Rocket Racoon
36%
Danai Gurira Okoye
33%
Cobie Smulders Maria Hill
31%
Hayley Atwell Peggy Carter
29%
Tilda Swinton A Anciã
28%
Jon Favreau Happy Hogan
27%
Michael Douglas Hank Pym
25%
Taika Waititi Korg
25%
John Slaterry Howard Stark
21%
Lexi Rabe Morgan Stark
20%
Jacob Batalon Ned
20%
Winston Duke M'Baku
19%
Michelle Pfeiffer Janet Van Dyne
17%
Linda Cardellini Laura Barton
15%
Angela Bassett Ramonda
15%
William Hurt Thaddeus Ross
15%
Ross Marquand Caveira Vermelha
14%
Carie Coon Próxima Meia-Noite
14%
Ava Russo Lila Barton
13%
Cade Woodward Nathaniel Barton
12%
Emma Fuhrmann Cassie Lang
11%
Ben Sakamoto Cooper Barton
10%
Tom Vaughan-Lawlor Fauce de Ébano
10%
Sean Gunn Kraglin
8%
Frank Grillo Brock Rumlow / Crossbones
7%
James D'Arcy Jarvis
7%
Robert Redford Alexander Pierce
6%
Michael James Shaw Corvus Glaive
5%
Maximiliano Hernandez Jasper Sitwell
4%
Hiroyuki Sanada Akihiko
3%
Rene Russo Freya
3%
Callan Mulvey Jack Rollins
3%
Terry Notary Abate Obsidano
2%
Ty Simpkins Harley Keener
2%
Kerry Condon Sexta-Feira
2%
Nenhum quiz correspondente encontrado
Distribuição das Pontuações
Porcentagem de Pessoas com Cada Pontuação
Percentil de Números Respondidos
Sua Pontuação Histórica
Você não jogou esse quiz